000
00477nam a2200181Ia 4500
008
090124s9999 xx 000 0 und d
082
_b
122164
100
_a
कांबळी दिवाकर
245
_a
परळ ( 68 )
250
_a
1
260
_c
1987
300
_a
164
600
_a
कांबळी दिवाकर
630
_a
परळ ( 68 )
700
_a
कांबळी दिवाकर
730
_a
परळ ( 68 )
942
_c
BOOK
999
_c
168250
_d
168250